[Event "TUR-chT Superleague 2018"]
[Site "Ankara"]
[Date "2018.07.26"]
[Round "2"]
[White "Unat, Can Haktan"]
[Black "Isik, Alparslan"]
[Result "1/2-1/2"]
[WhiteElo "2047"]
[BlackElo "2212"]
[Annotator "NA"]
[PlyCount "111"]
[EventDate "2018.07.25"]
[EventType "team-tourn"]
[EventCountry "TUR"]
[SourceTitle "playchess.com"]
[Source "ChessBase"]
[SourceQuality "1"]
[TimeControl "40/5400+30:1800+30"]

1. e4 {[%emt 0:00:30]} c5 {[%emt 0:01:00]} 2. Nf3 {[%emt 0:00:30]} d6 {[%emt 0:00:00]} 3. d4 {[%emt 0:00:30]} cxd4 {[%emt 0:00:00]} 4. Nxd4 {[%emt 0:00:30]} Nf6 {[%emt 0:00:30]} 5. f3 {[%emt 0:00:00]} e5 {[%emt 0:00:30]} 6. Bb5+ {[%emt 0:00:00]} Nbd7 {[%emt 0:00:00]} 7. Nf5 {[%emt 0:00:30]} d5 {[%emt 0:02:00]} 8. exd5 {[%emt 0:00:30]} a6 {[%emt 0:00:30]} 9. Bxd7+ {[%emt 0:00:00]} Bxd7 {[%emt 0:00:30]} 10. Ne3 {[%emt 0:00:00]} Bc5 {[%emt 0:03:30]} 11. Nc3 {[%emt 0:00:30]} O-O {[%emt 0:04:30]} 12. O-O {[%emt 0:01:30]} Nh5 {[%emt 0:05:30]} 13. g4 {[%emt 0:00:00]} f5 {[%emt 0:12:30]} 14. Kh1 {[%emt 0:08:00]} fxg4 {[%emt 0:08:30]} 15. Nxg4 {[%emt 0:08:30]} Bxg4 {[%emt 0:04:30]} 16. fxg4 {[%emt 0:00:30]} Rxf1+ {[%emt 0:00:30]} 17. Qxf1 {[%emt 0:00:30]} Qh4 {[%emt 0:00:00]} 18. gxh5 {[%emt 0:08:30]} Rf8 {[%emt 0:00:00]} 19. Bf4 {[%emt 0:00:00]} Rxf4 {[%emt 0:05:30]} 20. Qe2 {[%emt 0:04:00]} Qh3 {[%emt 0:10:30]} 21. Ne4 {[%emt 0:04:30]} Qe3 {[%emt 0:10:30]} 22. Qxe3 {[%emt 0:04:30]} Bxe3 {[%emt 0:00:30]} 23. Nd6 {[%emt 0:02:30]} Rf6 {[%emt 0:10:30]} 24. Nc4 {[%emt 0:00:30]} Bf4 {[%emt 0:03:02]} 25. d6 {[%emt 0:04:30]} Rf7 {[%emt 0:01:38]} 26. Rd1 {[%emt 0:00:30]} Rd7 {[%emt 0:00:31]} 27. Nb6 {[%emt 0:07:30]} Rd8 {[%emt 0:00:05]} 28. Kg2 {[%emt 0:08:30]} e4 {[%emt 0:04:08]} 29. d7 {[%emt 0:00:30]} Bc7 {[%emt 0:00:56]} 30. Na4 {[%emt 0:02:30]} b6 {[%emt 0:02:43]} 31. Nc3 {[%emt 0:00:30]} Kf7 {[%emt 0:02:50]} 32. Nxe4 {[%emt 0:06:30]} Ke7 {[%emt 0:00:09]} 33. Nc3 {[%emt 0:05:30]} Rxd7 {[%emt 0:00:49]} 34. Nd5+ {[%emt 0:00:00]} Kf7 {[%emt 0:00:21]} 35. c4 {[%emt 0:00:00]} Be5 {[%emt 0:02:35]} 36. b3 {[%emt 0:02:30]} Ke6 {[%emt 0:00:15]} 37. Rf1 {[%emt 0:02:30]} Rd8 {[%emt 0:00:50]} 38. Re1 {[%emt 0:02:19]} b5 {[%emt 0:00:35]} 39. Nc7+ {[%emt 0:00:30]} Kf5 {[%emt 0:00:30]} 40. Rf1+ {[%emt 0:00:00]} Ke4 {[%emt 0:01:33]} 41. Nxa6 {[%emt 0:02:11]} Rd2+ {[%emt 0:11:30]} 42. Rf2 {[%emt 0:00:30]} Rxf2+ {[%emt 0:00:30]} 43. Kxf2 {[%emt 0:00:00]} bxc4 {[%emt 0:00:00]} 44. bxc4 {[%emt 0:00:00]} Bxh2 {[%emt 0:00:00]} 45. Kg2 {[%emt 0:05:30]} Be5 {[%emt 0:05:30]} 46. c5 {[%emt 0:04:30]} Kd5 {[%emt 0:00:52]} 47. Kf3 {[%emt 0:05:30]} Kc6 {[%emt 0:04:54]} 48. Ke4 {[%emt 0:00:30]} Bg3 {[%emt 0:00:00]} 49. a4 {[%emt 0:01:30]} g6 {[%emt 0:00:57]} 50. hxg6 {[%emt 0:02:30]} hxg6 {[%emt 0:00:30]} 51. Kd4 {[%emt 0:00:00]} Bf2+ {[%emt 0:00:56]} 52. Kc4 {[%emt 0:00:00]} Be1 {[%emt 0:00:00]} 53. Nb8+ {[%emt 0:03:30]} Kc7 {[%emt 0:00:31]} 54. Na6+ {[%emt 0:00:30]} Kc6 {[%emt 0:00:07]} 55. Nb8+ {[%emt 0:01:30]} Kc7 {[%emt 0:00:30]} 56. Na6+ {[%emt 0:00:00]} 1/2-1/2

[Event "TUR-chT Superleague 2018"]
[Site "Ankara"]
[Date "2018.07.26"]
[Round "2"]
[White "Sade, Defne"]
[Black "Onbasi, Irem"]
[Result "1/2-1/2"]
[WhiteElo "1954"]
[BlackElo "1427"]
[Annotator "NA"]
[PlyCount "39"]
[EventDate "2018.07.25"]
[EventType "team-tourn"]
[EventCountry "TUR"]
[SourceTitle "playchess.com"]
[Source "ChessBase"]
[SourceQuality "1"]
[TimeControl "40/5400+30:1800+30"]

1. e4 c6 2. d4 d5 3. e5 Bf5 4. Be2 e6 5. Nf3 Nd7 6. O-O Ne7 7. Nh4 Be4 8. f3 Bg6 9. Nc3 c5 10. Nb5 Nc6 11. Nxg6 hxg6 12. c4 Nb6 13. cxd5 Nxd5 14. Bc4 Rc8 15. Qb3 cxd4 16. Rd1 Bc5 17. Nd6+ Bxd6 18. Bxd5 Bxe5 19. Bxc6+ bxc6 20. f4 1/2-1/2

[Event "TUR-chT Superleague 2018"]
[Site "Ankara"]
[Date "2018.07.26"]
[Round "2"]
[White "Gok, Fatih"]
[Black "Keler, Faruk"]
[Result "0-1"]
[WhiteElo "1952"]
[BlackElo "2286"]
[Annotator "NA"]
[PlyCount "100"]
[EventDate "2018.07.25"]
[EventType "team-tourn"]
[EventCountry "TUR"]
[SourceTitle "playchess.com"]
[Source "ChessBase"]
[SourceQuality "1"]
[TimeControl "40/5400+30:1800+30"]

1. d4 d5 2. c4 e6 3. Nf3 Nf6 4. Nc3 a6 5. Bg5 Be7 6. e3 O-O 7. Rc1 Nbd7 8. a4 c6 9. Bd3 dxc4 10. Bxc4 b5 11. Bd3 bxa4 12. Nxa4 Qa5+ 13. Nc3 c5 14. O-O cxd4 15. Ra1 Qb4 16. Nxd4 Bb7 17. Qb3 Rfb8 18. Qc2 h6 19. Bh4 Nc5 20. Be2 Rc8 21. f3 g6 22. Be1 Qb6 23. Na4 Nxa4 24. Qxa4 e5 25. Ba5 Qc5 26. b4 Qa7 27. Nc2 Nd5 28. Rfe1 Rxc2 29. Qxc2 Nxe3 30. Qc7 Nd5+ 31. Bb6 Qxb6+ 32. Qxb6 Nxb6 33. Reb1 Nd5 34. b5 Nc3 35. Rb2 Nxe2+ 36. Rxe2 Bc5+ 37. Kh1 Bd4 38. bxa6 Rxa6 39. Rb1 Bd5 40. h4 Kg7 41. Rd1 Ra1 42. Red2 Rxd1+ 43. Rxd1 g5 44. hxg5 hxg5 45. Kh2 f5 46. Kg3 Kf6 47. Rh1 e4 48. fxe4 fxe4 49. Rh8 e3 50. Rf8+ Ke7 0-1

[Event "TUR-chT Superleague 2018"]
[Site "Ankara"]
[Date "2018.07.26"]
[Round "2"]
[White "Cansun, Can Alp"]
[Black "Shevchenko, Kirill"]
[Result "1/2-1/2"]
[WhiteElo "1894"]
[BlackElo "2554"]
[Annotator "RC"]
[PlyCount "98"]
[EventDate "2018.07.25"]
[EventType "team-tourn"]
[EventCountry "TUR"]
[SourceTitle "playchess.com"]
[Source "ChessBase"]
[SourceQuality "1"]
[TimeControl "40/5400+30:1800+30"]

1. e4 c5 2. Nf3 d6 3. d4 cxd4 4. Nxd4 Nf6 5. Nc3 a6 6. Be3 e5 7. Nf3 Qc7 8. a4 Be7 9. a5 O-O 10. Be2 Be6 11. O-O Nbd7 12. Nd5 Nxd5 13. exd5 Bf5 14. c4 Bg6 15. Nd2 f5 16. f3 Bf6 17. Qb3 Rae8 18. Qa3 f4 19. Bf2 e4 20. fxe4 Bxe4 21. Nxe4 Rxe4 22. Bd3 Ree8 23. Rac1 Nc5 24. b4 Ne4 25. Bxe4 Rxe4 26. c5 dxc5 27. bxc5 Bd4 28. Bxd4 Rxd4 29. d6 Qc6 30. Rfd1 Qd5 31. Qf3 Rxd1+ 32. Qxd1 Qg5 33. Qf3 Re8 34. Qb3+ Kh8 35. Qf7 Qe5 36. Qb3 Qd4+ 37. Kf1 h6 38. Rd1 Qxc5 39. d7 Rd8 40. Qf7 Kh7 41. Rd5 Qc1+ 42. Kf2 Qe3+ 43. Kf1 Qe4 44. Kf2 Qe3+ 45. Kf1 Qc1+ 46. Kf2 Qb2+ {[%emt 2:11:26]} 47. Kf3 {[%emt 2:12:55]} Qa3+ {[%emt 0:00:30]} 48. Kf2 {[%emt 0:00:23]} Qc1 {[%emt 0:02:36]} 49. Qe7 {[%emt 0:05:58]} Qb2+ {[%emt 0:04:45]} 1/2-1/2

[Event "TUR-chT Superleague 2018"]
[Site "Ankara"]
[Date "2018.07.26"]
[Round "2"]
[White "Yildirim, Ibrahim Halil"]
[Black "Tasdogen, Dincer"]
[Result "0-1"]
[WhiteElo "1887"]
[BlackElo "2280"]
[Annotator "NA"]
[PlyCount "58"]
[EventDate "2018.07.25"]
[EventType "team-tourn"]
[EventCountry "TUR"]
[SourceTitle "playchess.com"]
[Source "ChessBase"]
[SourceQuality "1"]
[TimeControl "40/5400+30:1800+30"]

1. e4 {[%emt 0:00:30]} c5 {[%emt 0:01:00]} 2. Nf3 {[%emt 0:00:30]} g6 {[%emt 0:00:30]} 3. d4 {[%emt 0:00:30]} cxd4 {[%emt 0:00:30]} 4. Nxd4 {[%emt 0:00:30]} Bg7 {[%emt 0:00:30]} 5. c4 {[%emt 0:00:30]} Nc6 {[%emt 0:00:30]} 6. Be3 {[%emt 0:00:00]} Nf6 {[%emt 0:00:00]} 7. Nc3 {[%emt 0:00:00]} d6 {[%emt 0:00:00]} 8. Be2 {[%emt 0:05:30]} O-O {[%emt 0:00:00]} 9. O-O {[%emt 0:02:30]} Bd7 {[%emt 0:00:00]} 10. Nc2 {[%emt 0:00:30]} Rc8 {[%emt 0:00:00]} 11. f3 {[%emt 0:06:30]} a6 {[%emt 0:08:00]} 12. Na4 {[%emt 0:33:30]} Be6 {[%emt 0:12:30]} 13. Nb6 {[%emt 0:05:30]} Rb8 {[%emt 0:01:30]} 14. Rb1 {[%emt 0:11:30]} Nd7 {[%emt 0:02:30]} 15. Nd5 {[%emt 0:03:30]} f5 {[%emt 0:05:30]} 16. Nd4 {[%emt 0:06:30]} Bxd4 {[%emt 0:14:30]} 17. Bxd4 {[%emt 0:00:30]} fxe4 {[%emt 0:00:00]} 18. fxe4 {[%emt 0:00:43]} Rxf1+ {[%emt 0:00:00]} 19. Bxf1 {[%emt 0:00:55]} Bxd5 {[%emt 0:02:30]} 20. exd5 {[%emt 0:03:45]} Nxd4 {[%emt 0:00:30]} 21. Qxd4 {[%emt 0:00:01]} Ne5 {[%emt 0:02:30]} 22. b4 {[%emt 0:05:48]} Qd7 {[%emt 0:03:30]} 23. c5 {[%emt 0:04:37]} Rf8 {[%emt 0:04:30]} 24. b5 {[%emt 0:04:20]} Qf5 {[%emt 0:07:30]} 25. Rd1 {[%emt 0:02:57]} axb5 {[%emt 0:04:30]} 26. Bxb5 {[%emt 0:00:42]} Qg5 {[%emt 0:01:30]} 27. Kh1 {[%emt 0:00:30]} Ng4 {[%emt 0:00:00]} 28. Rf1 {[%emt 0:00:42]} Rxf1+ {[%emt 0:00:00]} 29. Bxf1 {[%emt 0:00:30]} Qh4 {[%emt 0:00:30]} 0-1

[Event "TUR-chT Superleague 2018"]
[Site "Ankara"]
[Date "2018.07.26"]
[Round "2"]
[White "Celik, Eda"]
[Black "Shuvalova, Polina"]
[Result "0-1"]
[WhiteElo "1864"]
[BlackElo "2417"]
[Annotator "NA RC"]
[PlyCount "102"]
[EventDate "2018.07.25"]
[EventType "team-tourn"]
[EventCountry "TUR"]
[SourceTitle "playchess.com"]
[Source "ChessBase"]
[SourceQuality "1"]
[TimeControl "40/5400+30:1800+30"]

1. e4 c5 2. Nc3 d6 3. f4 Nc6 4. Nf3 g6 5. Bc4 Bg7 6. d3 e6 7. a3 Nge7 8. Ba2 O-O 9. O-O Rb8 10. Ne2 d5 11. c3 b5 12. e5 a5 13. d4 c4 14. Bb1 b4 15. g4 Bd7 16. Ng3 f6 17. exf6 Bxf6 18. Ne5 Bg7 19. axb4 axb4 20. Qe2 Nxe5 21. fxe5 Rxf1+ 22. Qxf1 Nc6 23. Qh3 Ra8 24. Rxa8 Qxa8 25. Bc2 Qa1 26. Ne2 bxc3 27. bxc3 Qa2 28. Bd1 Qb1 29. Kf2 Bf8 30. Qe3 Be7 31. Ba4 Bh4+ 32. Kg2 Qa2 33. Bxc6 Bxc6 34. Qd2 Qb1 35. Qf4 Qc2 36. Qf3 Be7 37. Bh6 g5 38. Kg1 Qb1+ 39. Kf2 Qg6 40. Qh3 Be8 41. Kg2 Qd3 42. Qf3 Ba4 43. Ng1 Qc2+ {[%emt 2:06:01]} 44. Ne2 {[%emt 2:17:44]} Qg6 {[%emt 0:00:30]} 45. Qh3 {[%emt 0:00:30]} Bd1 {[%emt 0:00:30]} 46. Kf1 {[%emt 0:03:13]} Qe4 {[%emt 0:02:27]} 47. Ng3 {[%emt 0:00:58]} Bxg4 {[%emt 0:00:32]} 48. Qg2 {[%emt 0:00:30]} Qd3+ {[%emt 0:02:20]} 49. Kg1 {[%emt 0:00:52]} Qxc3 {[%emt 0:00:29]} 50. Qf2 {[%emt 0:00:36]} Bh3 {[%emt 0:01:04]} 51. Qa2 {[%emt 0:00:36]} Qe1+ {[%emt 0:00:07]} 0-1

[Event "TUR-chT Superleague 2018"]
[Site "Ankara"]
[Date "2018.07.26"]
[Round "2"]
[White "Can, Isil"]
[Black "Yorgun, Yaren Naz"]
[Result "1-0"]
[WhiteElo "1862"]
[BlackElo "1737"]
[Annotator "NA"]
[PlyCount "191"]
[EventDate "2018.07.25"]
[EventType "team-tourn"]
[EventCountry "TUR"]
[SourceTitle "playchess.com"]
[Source "ChessBase"]
[SourceQuality "1"]
[TimeControl "40/5400+30:1800+30"]

1. e4 g6 2. d4 Bg7 3. Nf3 d6 4. c3 Nf6 5. Bd3 O-O 6. O-O Nbd7 7. Bg5 h6 8. Bh4 e5 9. Na3 g5 10. Bg3 Nh5 11. Nxe5 Nxe5 12. dxe5 Nxg3 13. hxg3 dxe5 14. g4 Qf6 15. Qe2 Rd8 16. Rad1 Qf4 17. f3 h5 18. gxh5 g4 19. Qd2 Qxd2 20. Rxd2 Bh6 21. Rdd1 gxf3 22. gxf3 Be3+ 23. Kg2 Kh7 24. Rh1 Rg8+ 25. Kf1 Rg3 26. Ke2 Bc5 27. Bc4 Bh3 28. Bxf7 Rg2+ 29. Kd3 Rg3 30. Bg6+ Kh8 31. Nc4 Rxf3+ 32. Kc2 Rf2+ 33. Kb1 Bg4 34. Rd5 b6 35. Rxe5 Be2 36. Na3 Bxa3 37. bxa3 Bd3+ 38. Ka1 Bc4 39. Rd1 Rxa2+ 40. Kb1 Rf8 41. Re7 Rxa3 42. Bf5 Bg8 43. Rxc7 a5 44. Rd6 Bf7 45. Rxb6 a4 46. Rbb7 Rb3+ 47. Rxb3 axb3 48. h6 Bg8 49. h7 Bf7 {[%emt 2:10:44]} 50. Kb2 {[%emt 2:12:05]} Kg7 {[%emt 0:00:30]} 51. c4 {[%emt 0:00:30]} Kh8 {[%emt 0:00:30]} 52. Kxb3 {[%emt 0:00:30]} Bg6 {[%emt 0:00:30]} 53. Rc5 {[%emt 0:02:21]} Bxf5 {[%emt 0:00:54]} 54. Rxf5 {[%emt 0:02:04]} Re8 {[%emt 0:00:05]} 55. e5 {[%emt 0:00:27]} Kxh7 {[%emt 0:00:30]} 56. Kc3 {[%emt 0:00:30]} Kg6 {[%emt 0:00:00]} 57. Rf6+ {[%emt 0:00:00]} Kg7 {[%emt 0:00:38]} 58. Kd4 {[%emt 0:00:00]} Rd8+ {[%emt 0:00:22]} 59. Rd6 {[%emt 0:00:03]} Rc8 {[%emt 0:00:00]} 60. c5 {[%emt 0:00:22]} Kf7 {[%emt 0:00:00]} 61. Kd5 {[%emt 0:00:58]} Ke7 {[%emt 0:00:00]} 62. c6 {[%emt 0:00:00]} Ra8 {[%emt 0:00:32]} 63. Rd7+ {[%emt 0:00:44]} Ke8 {[%emt 0:00:30]} 64. Kd6 {[%emt 0:00:00]} Ra1 {[%emt 0:00:00]} 65. e6 {[%emt 0:02:36]} Rd1+ {[%emt 0:00:34]} 66. Kc7 {[%emt 0:00:15]} Re1 {[%emt 0:00:00]} 67. e7 {[%emt 0:01:01]} Ra1 {[%emt 0:00:00]} 68. Kb8 {[%emt 0:00:32]} Rc1 {[%emt 0:00:25]} 69. Rc7 {[%emt 0:01:57]} Rc2 {[%emt 0:00:11]} 70. Kb7 {[%emt 0:00:47]} Rb2+ {[%emt 0:00:32]} 71. Ka8 {[%emt 0:00:29]} Rc2 {[%emt 0:00:36]} 72. Kb7 {[%emt 0:00:30]} Rb2+ {[%emt 0:00:30]} 73. Kc8 {[%emt 0:00:30]} Rc2 {[%emt 0:00:00]} 74. Kb8 {[%emt 0:00:00]} Rc1 {[%emt 0:00:00]} 75. Ka7 {[%emt 0:01:20]} Ra1+ {[%emt 0:00:00]} 76. Kb6 {[%emt 0:00:24]} Rb1+ {[%emt 0:00:03]} 77. Ka5 {[%emt 0:00:30]} Ra1+ {[%emt 0:00:24]} 78. Kb4 {[%emt 0:00:00]} Rb1+ {[%emt 0:00:30]} 79. Ka3 {[%emt 0:00:23]} Rc1 {[%emt 0:00:00]} 80. Kb2 {[%emt 0:00:00]} Rc5 {[%emt 0:00:00]} 81. Kb3 {[%emt 0:01:19]} Rc1 {[%emt 0:01:30]} 82. Kb4 {[%emt 0:00:08]} Rb1+ {[%emt 0:00:00]} 83. Kc5 {[%emt 0:00:32]} Rc1+ {[%emt 0:00:00]} 84. Kb6 {[%emt 0:01:29]} Rb1+ {[%emt 0:00:30]} 85. Ka7 {[%emt 0:00:32]} Ra1+ {[%emt 0:00:30]} 86. Kb8 {[%emt 0:00:58]} Rc1 {[%emt 0:00:30]} 87. Rc8+ {[%emt 0:00:00]} Kxe7 {[%emt 0:00:00]} 88. Kc7 {[%emt 0:00:00]} Rc2 {[%emt 0:02:00]} 89. Rh8 {[%emt 0:01:03]} Ke6 {[%emt 0:00:30]} 90. Rh6+ {[%emt 0:00:48]} Ke7 {[%emt 0:00:30]} 91. Kc8 {[%emt 0:01:26]} Rc1 {[%emt 0:00:33]} 92. c7 {[%emt 0:00:31]} Rb1 {[%emt 0:00:27]} 93. Rh7+ {[%emt 0:01:26]} Ke8 {[%emt 0:00:30]} 94. Rh4 {[%emt 0:00:25]} Ke7 {[%emt 0:00:30]} 95. Re4+ {[%emt 0:00:13]} Kf6 {[%emt 0:00:40]} 96. Kd7 {[%emt 0:01:02]} 1-0

[Event "TUR-chT Superleague 2018"]
[Site "Ankara"]
[Date "2018.07.26"]
[Round "2"]
[White "Ayan, Bengu Sena"]
[Black "Keskin, Elif"]
[Result "1-0"]
[WhiteElo "1787"]
[BlackElo "1719"]
[Annotator "NA"]
[PlyCount "143"]
[EventDate "2018.07.25"]
[EventType "team-tourn"]
[EventCountry "TUR"]
[SourceTitle "playchess.com"]
[Source "ChessBase"]
[SourceQuality "1"]
[TimeControl "40/5400+30:1800+30"]

1. d4 Nf6 2. c4 g6 3. f3 d5 4. cxd5 Nxd5 5. e4 Nb6 6. Nc3 Bg7 7. Be3 O-O 8. Qd2 e5 9. d5 c6 10. d6 Be6 11. O-O-O N8d7 12. g4 Nf6 13. Bh6 Qd7 14. h4 Rad8 15. h5 Nc8 16. Bxg7 Kxg7 17. Qg5 h6 18. Qxe5 g5 19. Qg3 Rfe8 20. Be2 b5 21. Kb1 Nb6 22. e5 Nfd5 23. Ne4 Na4 24. Nf6 Nxf6 25. exf6+ Kxf6 26. f4 gxf4 27. Qxf4+ Kg7 28. g5 Bf5+ 29. Ka1 hxg5 30. Qxg5+ Kh7 31. h6 Rg8 32. Qf4 Qe6 33. Nf3 Qf6 34. Rd2 Rg4 35. Qe5 Qe6 36. Qh2 Qf6 37. Qe5 Qe6 38. Qxe6 Bxe6 39. Ne5 Rg5 40. Nxc6 Rd7 41. Bf3 Nb6 42. b3 Nd5 43. Rhd1 Nc3 44. Rc1 Nd5 45. Nd4 Rxd6 46. Nxb5 Rd7 47. Nd4 Kxh6 48. Nxe6 fxe6 49. Rc6 Re5 50. Bxd5 Rdxd5 51. Rxd5 Rxd5 52. Rxe6+ Kg5 53. Re7 Ra5 54. Kb2 Kf6 55. Re2 Rb5 56. Kc3 a5 57. a3 Rc5+ 58. Kd4 Rc8 59. Re3 Kf7 60. Re5 Ra8 61. Kc4 Kf6 62. Re3 Rb8 63. b4 axb4 64. axb4 Rc8+ 65. Kb5 Rb8+ 66. Kc5 Rc8+ 67. Kd6 Rb8 68. Rf3+ Kg7 69. Rb3 Kf8 70. b5 Ke8 71. Kc7 Rd8 72. Re3+ 1-0

[Event "TUR-chT Superleague 2018"]
[Site "Ankara"]
[Date "2018.07.26"]
[Round "2"]
[White "Sahin, Hayrun Nisa"]
[Black "Onur, Cigdem"]
[Result "0-1"]
[WhiteElo "1736"]
[BlackElo "1750"]
[Annotator "NA"]
[PlyCount "190"]
[EventDate "2018.07.25"]
[EventType "team-tourn"]
[EventCountry "TUR"]
[SourceTitle "playchess.com"]
[Source "ChessBase"]
[SourceQuality "1"]
[TimeControl "40/5400+30:1800+30"]

1. e4 c5 2. Nf3 Nc6 3. Bb5 e6 4. O-O Nge7 5. Re1 Nd4 6. Nxd4 cxd4 7. c3 a6 8. Bf1 Nc6 9. d3 Bc5 10. c4 O-O 11. Nd2 e5 12. g3 d6 13. Bg2 Be6 14. a3 a5 15. f4 exf4 16. gxf4 f5 17. e5 dxe5 18. Bxc6 bxc6 19. Rxe5 Qe7 20. Nf3 Bd6 21. Re1 Qf6 22. Bd2 Rae8 23. b4 axb4 24. axb4 Bf7 25. Rxe8 Rxe8 26. Qf1 Bh5 27. Qf2 Qg6+ 28. Kh1 c5 29. b5 Qg4 30. Ng1 Qg6 31. Ra6 Qe6 32. Ra1 Qf7 33. Qg2 h6 34. Ra6 Bb8 35. Rxh6 Bg4 36. Rb6 Qh5 37. h3 Bc7 38. Rc6 Bb8 39. b6 Kh7 40. b7 Re2 41. Rc8 Rxg2 42. Kxg2 Bxh3+ 43. Nxh3 {[%emt 2:10:05]} Qg4+ {[%emt 2:15:12]} 44. Kf2 {[%emt 0:01:14]} Qxh3 {[%emt 0:00:38]} 45. Rxb8 {[%emt 0:02:36]} Qh2+ {[%emt 0:03:08]} 46. Ke1 {[%emt 0:01:26]} Qh1+ {[%emt 0:00:22]} 47. Ke2 {[%emt 0:00:49]} Qb1 {[%emt 0:03:28]} 48. Rc8 {[%emt 0:04:11]} Qxb7 {[%emt 0:00:30]} 49. Rxc5 {[%emt 0:00:00]} Qg2+ {[%emt 0:00:59]} 50. Kd1 {[%emt 0:00:07]} Kg6 {[%emt 0:00:30]} 51. Rd5 {[%emt 0:00:55]} Qg1+ {[%emt 0:00:49]} 52. Kc2 {[%emt 0:00:01]} Qf2 {[%emt 0:00:15]} 53. Ra5 {[%emt 0:02:59]} Qe2 {[%emt 0:00:32]} 54. Re5 {[%emt 0:01:09]} Qf2 {[%emt 0:00:29]} 55. Rb5 {[%emt 0:00:29]} Qe2 {[%emt 0:00:30]} 56. Re5 {[%emt 0:00:52]} Qf2 {[%emt 0:00:46]} 57. Ra5 {[%emt 0:00:07]} Kf6 {[%emt 0:00:00]} 58. Rb5 {[%emt 0:00:30]} Ke6 {[%emt 0:00:11]} 59. Re5+ {[%emt 0:00:30]} Kf6 {[%emt 0:00:04]} 60. Rb5 {[%emt 0:00:00]} g6 {[%emt 0:00:31]} 61. Ra5 {[%emt 0:00:18]} Kg7 {[%emt 0:00:52]} 62. Rb5 {[%emt 0:00:26]} Kh6 {[%emt 0:00:24]} 63. Ra5 {[%emt 0:00:08]} Kh5 {[%emt 0:00:48]} 64. Rb5 {[%emt 0:00:23]} Kg4 {[%emt 0:00:35]} 65. Rb6 {[%emt 0:01:04]} Kh5 {[%emt 0:00:23]} 66. Rb5 {[%emt 0:00:59]} Qg2 {[%emt 0:00:19]} 67. Rd5 {[%emt 0:01:03]} Qf2 {[%emt 0:00:08]} 68. Rb5 {[%emt 0:00:10]} Kg4 {[%emt 0:00:55]} 69. Rb6 {[%emt 0:00:26]} Kh5 {[%emt 0:01:27]} 70. Rb5 {[%emt 0:00:30]} Qg1 {[%emt 0:00:00]} 71. Rd5 {[%emt 0:00:00]} Kg4 {[%emt 0:00:31]} 72. Rb5 {[%emt 0:01:47]} Kf3 {[%emt 0:00:31]} 73. Re5 {[%emt 0:00:32]} Qa1 {[%emt 0:00:29]} 74. Ra5 {[%emt 0:00:53]} Qg1 {[%emt 0:00:06]} 75. Re5 {[%emt 0:00:00]} Qf2 {[%emt 0:00:55]} 76. Re6 {[%emt 0:00:28]} Qg2 {[%emt 0:00:30]} 77. Re5 {[%emt 0:00:24]} Qg1 {[%emt 0:00:44]} 78. Re1 {[%emt 0:00:24]} Qg2 {[%emt 0:00:10]} 79. Re5 {[%emt 0:00:09]} Qg4 {[%emt 0:00:37]} 80. c5 {[%emt 0:00:41]} Qh5 {[%emt 0:00:25]} 81. c6 {[%emt 0:00:27]} Qh7 {[%emt 0:00:20]} 82. Ba5 {[%emt 0:00:57]} Qf7 {[%emt 0:00:52]} 83. Kb2 {[%emt 0:00:30]} Kxf4 {[%emt 0:00:27]} 84. Rc5 {[%emt 0:00:43]} Qa7 {[%emt 0:00:35]} 85. Rd5 {[%emt 0:00:35]} Qb8+ {[%emt 0:00:21]} 86. Kc2 {[%emt 0:00:20]} Qa8 {[%emt 0:00:36]} 87. Rc5 {[%emt 0:00:35]} Qa7 {[%emt 0:00:24]} 88. Rd5 {[%emt 0:00:15]} Qa8 {[%emt 0:00:31]} 89. Rc5 {[%emt 0:00:26]} Qa7 {[%emt 0:00:32]} 90. Rd5 {[%emt 0:00:07]} Qf7 {[%emt 0:00:25]} 91. Rxd4+ {[%emt 0:00:12]} Ke3 {[%emt 0:00:13]} 92. Rc4 {[%emt 0:00:06]} Qd5 {[%emt 0:00:17]} 93. Bd2+ {[%emt 0:00:47]} Ke2 {[%emt 0:00:09]} 94. Kb3 {[%emt 0:01:06]} Kxd3 {[%emt 0:00:21]} 95. c7 {[%emt 0:01:00]} Qxc4+ {[%emt 0:00:06]} 0-1

[Event "TUR-chT Superleague 2018"]
[Site "Ankara"]
[Date "2018.07.26"]
[Round "2"]
[White "Aluc, Bulut Evrim"]
[Black "Aydin, Gulenay"]
[Result "1-0"]
[WhiteElo "1677"]
[BlackElo "1732"]
[Annotator "NA"]
[PlyCount "85"]
[EventDate "2018.07.25"]
[EventType "team-tourn"]
[EventCountry "TUR"]
[SourceTitle "playchess.com"]
[Source "ChessBase"]
[SourceQuality "1"]
[TimeControl "40/5400+30:1800+30"]

1. d4 {[%emt 0:00:30]} Nf6 {[%emt 0:01:00]} 2. c4 {[%emt 0:00:30]} g6 {[%emt 0:00:30]} 3. Nc3 {[%emt 0:00:30]} Bg7 {[%emt 0:00:30]} 4. e4 {[%emt 0:00:30]} d6 {[%emt 0:00:00]} 5. f4 {[%emt 0:00:00]} O-O {[%emt 0:00:00]} 6. Nf3 {[%emt 0:00:00]} c5 {[%emt 0:00:30]} 7. d5 {[%emt 0:00:00]} e6 {[%emt 0:01:30]} 8. Be2 {[%emt 0:00:00]} exd5 {[%emt 0:00:30]} 9. cxd5 {[%emt 0:00:00]} Bg4 {[%emt 0:01:30]} 10. O-O {[%emt 0:01:00]} Nbd7 {[%emt 0:01:30]} 11. h3 {[%emt 0:03:30]} Bxf3 {[%emt 0:00:30]} 12. Bxf3 {[%emt 0:00:30]} Re8 {[%emt 0:01:30]} 13. Re1 {[%emt 0:05:30]} a6 {[%emt 0:04:30]} 14. a4 {[%emt 0:00:30]} c4 {[%emt 0:07:30]} 15. Be3 {[%emt 0:06:30]} Qa5 {[%emt 0:03:30]} 16. Kh1 {[%emt 0:11:30]} Nc5 {[%emt 0:03:30]} 17. Bxc5 {[%emt 0:00:30]} Qxc5 {[%emt 0:00:30]} 18. e5 {[%emt 0:00:30]} dxe5 {[%emt 0:00:30]} 19. fxe5 {[%emt 0:00:30]} Nd7 {[%emt 0:00:30]} 20. e6 {[%emt 0:06:30]} Ne5 {[%emt 0:00:30]} 21. Ne4 {[%emt 0:07:30]} Qb4 {[%emt 0:15:30]} 22. Ng5 {[%emt 0:06:30]} f6 {[%emt 0:06:30]} 23. Rxe5 {[%emt 0:22:30]} fxg5 {[%emt 0:08:30]} 24. Rxg5 {[%emt 0:01:30]} Rad8 {[%emt 0:05:30]} 25. Qc2 {[%emt 0:02:30]} Qxb2 {[%emt 0:12:30]} 26. Qxb2 {[%emt 0:06:55]} Bxb2 {[%emt 0:00:00]} 27. Rb1 {[%emt 0:00:13]} c3 {[%emt 0:05:00]} 28. Be4 {[%emt 0:00:20]} b5 {[%emt 0:04:08]} 29. axb5 {[%emt 0:00:42]} axb5 {[%emt 0:00:11]} 30. Bc2 {[%emt 0:06:38]} Re7 {[%emt 0:05:00]} 31. Rd1 {[%emt 0:06:20]} Rd6 {[%emt 0:03:19]} 32. Re5 {[%emt 0:00:12]} b4 {[%emt 0:01:22]} 33. Re2 {[%emt 0:00:22]} Ba3 {[%emt 0:02:45]} 34. Bb3 {[%emt 0:00:13]} Bb2 {[%emt 0:01:01]} 35. Kg1 {[%emt 0:00:30]} Kf8 {[%emt 0:04:13]} 36. Rf1+ {[%emt 0:03:08]} Kg8 {[%emt 0:01:19]} 37. Ref2 {[%emt 0:01:04]} Re8 {[%emt 0:00:57]} 38. Rf7 {[%emt 0:01:53]} c2 {[%emt 0:00:23]} 39. Bxc2 {[%emt 0:00:06]} Rxd5 {[%emt 0:00:38]} 40. e7 {[%emt 0:00:55]} Bd4+ {[%emt 0:01:14]} 41. Kh1 {[%emt 0:00:29]} Rf5 {[%emt 0:06:30]} 42. R1xf5 {[%emt 0:00:30]} gxf5 {[%emt 0:00:30]} 43. Bb3 {[%emt 0:00:30]} 1-0